[Event "Titled Tue 24th Jun Late"]
[Site "chess.com INT"]
[Date "2025.06.24"]
[Round "7"]
[White "Drygalov, Sergey"]
[Black "Lazavik, Denis"]
[Result "0-1"]
[WhiteTitle "GM"]
[BlackTitle "GM"]
[WhiteElo "2560"]
[BlackElo "2580"]
[WhiteFideId "24171743"]
[BlackFideId "13515110"]
[EventDate "2025.06.24"]

1. d4 Nf6 2. c4 g6 3. Nc3 Bg7 4. e4 d6 5. Nf3 O-O 6. Be2 Nbd7 7. O-O e5 8. Be3
Qe7 9. d5 Ng4 10. Bg5 f6 11. Bh4 Nh6 12. Nd2 g5 13. Bg3 f5 14. exf5 Nf6 15. Nde4
Nxe4 16. Nxe4 Nxf5 17. Bd3 Nd4 18. Rc1 Bf5 19. c5 g4 20. Re1 h5 21. h4 gxh3 22.
Qxh5 Qd7 23. gxh3 Qf7 24. Qxf7+ Rxf7 25. Kg2 Rd8 26. cxd6 cxd6 27. Rc3 Bh6 28.
Bh4 Rg7+ 29. Bg3 Kh8 30. Nf6 Rf8 31. Bxf5 Nxf5 32. Ne4 Bf4 33. Rd1 Rg6 34. Rdd3
Rf7 35. Kh1 Bh6 36. Rc8+ Kh7 37. Kh2 Nd4 38. b4 Bf4 39. a4 Bxg3+ 40. fxg3 Nf3+
41. Kg2 Ne1+ 42. Kg1 Nxd3 43. h4 Rg4 44. Ng5+ Rxg5 45. hxg5 Nxb4 46. Kg2 Nxd5
47. Kh3 Kg6 48. Kh4 Ne3 49. Rg8+ Rg7 50. Rd8 Rh7# 0-1

[Event "Titled Tue 24th Jun Late"]
[Site "chess.com INT"]
[Date "2025.06.24"]
[Round "7"]
[White "Yanev, Tihomir"]
[Black "Anakok, Deniz"]
[Result "1-0"]
[WhiteTitle "IM"]
[BlackTitle "CM"]
[WhiteElo "2354"]
[BlackElo "2058"]
[WhiteFideId "2910110"]
[BlackFideId "51603586"]
[EventDate "2025.06.24"]

1. e4 c5 2. Nf3 e6 3. c3 Nf6 4. Bd3 d5 5. e5 Nfd7 6. Bc2 c4 7. d4 cxd3 8. Qxd3
Nc6 9. Bf4 h6 10. h4 Nc5 11. Qe2 d4 12. cxd4 Nxd4 13. Nxd4 Qxd4 14. Bc1 Bd7 15.
Nc3 Be7 16. h5 Bc6 17. O-O O-O 18. Rd1 Qh4 19. Be3 Rad8 20. a3 a5 21. Nb5 Rd5
22. Rxd5 Bxd5 23. Nd6 Ne4 24. Nxe4 Bxe4 25. Bxe4 Qxe4 26. Qb5 a4 27. Rd1 Qg4 28.
Rd7 Bg5 29. Bxg5 Qxg5 30. Rxb7 Qxh5 31. Qxa4 Qxe5 32. Qb5 Qe1+ 33. Qf1 Qd2 34.
Qc4 Rd8 35. Qc3 Qd1+ 36. Kh2 Qh5+ 37. Qh3 Qe5+ 38. Qg3 Qe4 39. Rb4 Qf5 40. Rf4
Qh5+ 41. Rh4 Qd5 42. Rxh6 Qf5 43. Rh4 Rd3 44. Qb8+ 1-0

[Event "Titled Tue 24th Jun Late"]
[Site "chess.com INT"]
[Date "2025.06.24"]
[Round "7"]
[White "Alvarez, Leandro"]
[Black "Melillo, Lucius"]
[Result "0-1"]
[BlackTitle "FM"]
[WhiteElo "2143"]
[BlackElo "2170"]
[WhiteFideId "132756"]
[BlackFideId "30958245"]
[EventDate "2025.06.24"]

1. e4 Nf6 2. Nc3 e5 3. f3 d5 4. d3 Nc6 5. Bg5 Bb4 6. exd5 Qxd5 7. Bxf6 gxf6 8.
Qd2 Qa5 9. Nge2 Be6 10. a3 Bc5 11. Ng3 f5 12. Qg5 Be7 13. Qh5 Nd4 14. Rc1 Bxa3
15. bxa3 Qxc3+ 16. Kf2 Qd2+ 17. Ne2 f4 18. g3 Qe3+ 19. Kg2 Nxe2 20. Re1 Nxg3 21.
Rxe3 Nxh5 22. Rxe5 Nf6 23. d4 O-O-O 24. c3 Nd5 25. Bd3 Rhg8+ 26. Kf2 Ne3 27.
Bxh7 Rg2+ 28. Ke1 Bc4 29. Bf5+ Kb8 30. Re8 a6 31. Rxd8+ Ka7 32. Bd3 Bxd3 33.
Ra8+ Kb6 34. Rg1 Ra2 35. Rxa6+ Kb5 36. Rgg6 bxa6 37. Rg5+ f5 38. Rg2 Rxg2 39.
c4+ Kxc4 40. a4 Kxd4 41. a5 Kc5 42. h4 Kb5 43. h5 Rh2 44. h6 Rxh6 45. Kd2 Kxa5
46. Kc3 Kb5 47. Kd4 Re6 48. Kxd3 Kc5 49. Ke2 Kd4 50. Kf2 Rg6 51. Ke1 c5 52. Ke2
a5 53. Kd2 Rg2+ 54. Ke1 Rg3 55. Kf2 Kd3 56. Ke1 Rg1+ 57. Kf2 Rg2+ 58. Ke1 Re2# 0-1

[Event "Titled Tue 24th Jun Late"]
[Site "chess.com INT"]
[Date "2025.06.24"]
[Round "7"]
[White "Kourousis, Epameinondas"]
[Black "Soza de la Carrera, Jose"]
[Result "1-0"]
[WhiteTitle "IM"]
[BlackTitle "CM"]
[WhiteElo "2342"]
[BlackElo "2221"]
[WhiteFideId "4211626"]
[BlackFideId "3401278"]
[EventDate "2025.06.24"]

1. Nf3 Nf6 2. c4 c5 3. Nc3 b6 4. g3 Bb7 5. Bg2 e6 6. O-O Be7 7. b3 O-O 8. Bb2 d5
9. cxd5 exd5 10. d4 Nc6 11. e3 Re8 12. Ne5 Nxe5 13. dxe5 Ne4 14. Nxe4 dxe4 15.
Qg4 Qd2 16. Rab1 g6 17. Rfd1 Qc2 18. e6 f6 19. Qf4 Rad8 20. Rdc1 Qd3 21. Bxf6
Rf8 22. Qc7 Bxf6 23. Qxb7 Rb8 24. Qxe4 Qxe4 25. Bxe4 Be7 26. Rd1 Rfd8 27. Rd7
Rxd7 28. exd7 Kf7 29. Rd1 Ke6 30. a4 Rd8 31. Bc6 Bd6 32. f4 Bc7 33. Kf2 Ke7 34.
Kf3 Rf8 35. e4 Kd8 36. e5 Rf7 37. Ke4 Re7 38. h4 h5 39. g4 hxg4 40. Rg1 Re6 41.
Bd5 Re7 42. e6 Rh7 43. Rxg4 Ke7 44. Rxg6 Rxh4 45. Rg7+ Kf6 46. Rf7+ Kg6 47. e7
Bxf4 48. Rxf4 Rh1 49. e8=Q+ Kg5 50. d8=Q+ 1-0

[Event "Titled Tue 24th Jun Late"]
[Site "chess.com INT"]
[Date "2025.06.24"]
[Round "7"]
[White "Fandi, Mazen"]
[Black "Ohler, Julius"]
[Result "1-0"]
[WhiteTitle "FM"]
[BlackTitle "FM"]
[WhiteElo "2302"]
[BlackElo "2301"]
[WhiteFideId "7611625"]
[BlackFideId "16238982"]
[EventDate "2025.06.24"]

1. e4 c5 2. Nf3 a6 3. d4 cxd4 4. Nxd4 Nf6 5. Nc3 e5 6. Nf3 Bb4 7. Bd2 d6 8. Bd3
Be6 9. O-O h6 10. a3 Bc5 11. Qe2 Nbd7 12. Be3 Rc8 13. Rfd1 O-O 14. h3 Qe7 15.
Bxc5 Rxc5 16. Qe3 Rfc8 17. Bf1 b5 18. Rd2 Nb6 19. Rad1 Ne8 20. Kh2 Qc7 21. g3
Rxc3 22. bxc3 Na4 23. c4 Nb2 24. cxb5 Nxd1 25. Rxd1 axb5 26. Bxb5 Qxc2 27. Rd2
Qc7 28. Bxe8 Rxe8 29. Qd3 Ra8 30. Qxd6 Qc3 31. Nxe5 Rxa3 32. Qd4 Qc1 33. Qb2 Ra1
34. Qxc1 Rxc1 35. f4 f6 36. Ng6 Kf7 37. f5 Bc8 38. Rd8 Rc2+ 39. Kg1 Rc1+ 40. Kf2
Rc2+ 41. Ke1 Rc1+ 42. Kd2 Bxf5 43. exf5 1-0

[Event "Titled Tue 24th Jun Late"]
[Site "chess.com INT"]
[Date "2025.06.24"]
[Round "7"]
[White "Haddouche, Mohamed"]
[Black "Slovineanu, Viacheslav"]
[Result "1-0"]
[WhiteTitle "GM"]
[BlackTitle "IM"]
[WhiteElo "2490"]
[BlackElo "2412"]
[WhiteFideId "7900660"]
[BlackFideId "13900510"]
[EventDate "2025.06.24"]

1. e4 c6 2. d4 d5 3. e5 Bf5 4. h4 h5 5. c4 e6 6. Nc3 Bb4 7. Qb3 a5 8. a3 dxc4 9.
Bxc4 Bxc3+ 10. bxc3 b5 11. Be2 a4 12. Qd1 Nd7 13. Nf3 Ne7 14. Ng5 Bg6 15. Nh3
Nd5 16. Bd2 N7b6 17. Nf4 Nxf4 18. Bxf4 Qd5 19. O-O O-O 20. Bxh5 Bxh5 21. Qxh5
Qe4 22. Bg5 Nd5 23. Rac1 Rac8 24. Rfe1 Qf5 25. Qe2 Nf4 26. Qe4 Nd3 27. Qe2 c5
28. Be7 Nxc1 29. Rxc1 cxd4 30. Bxf8 Kxf8 31. Qxb5 Kg8 32. c4 d3 33. Qd7 Rc5 34.
Qd4 Rc8 35. Rd1 d2 36. Rxd2 Qb1+ 37. Kh2 Qc1 38. c5 Rxc5 39. Qd8+ Kh7 40. Qg5
Rc4 41. Qh5+ 1-0

[Event "Titled Tue 24th Jun Late"]
[Site "chess.com INT"]
[Date "2025.06.24"]
[Round "7"]
[White "Salinas Herrera, Pablo"]
[Black "Vaganian, Rafael A"]
[Result "1-0"]
[WhiteTitle "GM"]
[BlackTitle "GM"]
[WhiteElo "2447"]
[BlackElo "2449"]
[WhiteFideId "3407128"]
[BlackFideId "13300016"]
[EventDate "2025.06.24"]

1. e4 e6 2. d4 d5 3. exd5 exd5 4. Nf3 c5 5. Bb5+ Nc6 6. O-O Bd6 7. dxc5 Bxc5 8.
Nc3 Ne7 9. Bg5 O-O 10. a3 Bg4 11. Qd3 Qd6 12. Rae1 f6 13. Bc1 Ne5 14. Nxe5 fxe5
15. Bg5 e4 16. Bxe7 exd3 17. Bxd6 Bxd6 18. Bxd3 Rad8 19. Nxd5 Bc5 20. Ne3 Bh5
21. b4 Bd4 22. Nf5 Bb6 23. Ne7+ Kh8 24. Re5 Bg4 25. h3 Bc7 26. Re4 Bh5 27. Rh4
g6 28. Nxg6+ Bxg6 29. Bxg6 Rd7 30. Bd3 Bb6 31. Re4 Rdf7 32. Re2 a5 33. Be4 axb4
34. axb4 Rf4 35. g3 R4f7 36. Kg2 Re7 37. Bd3 Rxe2 38. Bxe2 Rd8 39. Bd3 Rd4 40.
Rb1 Rd6 41. f4 Kg7 42. Kf3 h5 43. g4 hxg4+ 44. hxg4 Re6 45. g5 Re3+ 46. Kg4 Bc7
47. Rh1 Kg8 48. Rh6 Re1 49. b5 Rg1+ 50. Kf5 Rg2 51. b6 1-0

[Event "Titled Tue 24th Jun Late"]
[Site "chess.com INT"]
[Date "2025.06.24"]
[Round "7"]
[White "Salonen, Aku"]
[Black "Hadzovic, Amir"]
[Result "1-0"]
[WhiteTitle "FM"]
[BlackTitle "FM"]
[WhiteElo "2330"]
[BlackElo "2354"]
[WhiteFideId "517577"]
[BlackFideId "14402300"]
[EventDate "2025.06.24"]

1. e4 e5 2. Nf3 Nc6 3. Bb5 a6 4. Ba4 d6 5. Nc3 Bd7 6. O-O Nf6 7. Re1 g6 8. Bxc6
Bxc6 9. d4 Bg7 10. dxe5 dxe5 11. Qxd8+ Rxd8 12. Nxe5 Bxe4 13. Nxe4 Nxe4 14. Nd3
f5 15. f3 Bd4+ 16. Be3 O-O 17. fxe4 fxe4 18. Nf2 Bxe3 19. Rxe3 Rd2 20. Nxe4 Rxc2
21. Rb1 Kg7 22. Rc3 Re2 23. Rxc7+ Kh6 24. Ng3 Rd2 25. Rf1 Rxf1+ 26. Nxf1 Rxb2
27. a4 Rb4 28. a5 Rb5 29. h3 Rxa5 30. Rxb7 Ra1 31. Ra7 a5 32. Kf2 Ra2+ 33. Kf3
Kg5 34. Ne3 h5 35. Ra6 Ra3 36. g3 Kh6 37. h4 Kg7 38. Kf4 Kf7 39. Ra7+ Ke6 40.
Ra6+ Kf7 41. Nd5 Ra4+ 42. Ke5 Rg4 43. Ra7+ Kf8 44. Nf4 Rxg3 45. Kf6 Ke8 46. Nxg6
Rf3+ 47. Kg5 Rg3+ 48. Kxh5 Ra3 49. Kh6 Ra1 50. h5 a4 51. Kg7 a3 52. h6 a2 53. h7
Rh1 54. Rxa2 Kd7 55. h8=Q Ke6 56. Qxh1 Kf5 57. Rf2+ 1-0

[Event "Titled Tue 24th Jun Late"]
[Site "chess.com INT"]
[Date "2025.06.24"]
[Round "7"]
[White "Wagner, Dennis"]
[Black "Graif, William"]
[Result "1-0"]
[WhiteTitle "GM"]
[BlackTitle "FM"]
[WhiteElo "2619"]
[BlackElo "2211"]
[WhiteFideId "24650684"]
[BlackFideId "2609835"]
[EventDate "2025.06.24"]

1. e4 e5 2. Bc4 Bc5 3. Nf3 Nf6 4. d3 O-O 5. O-O d6 6. c3 a6 7. a4 Ba7 8. h3 h6
9. Re1 Nc6 10. Nbd2 Be6 11. Bxe6 fxe6 12. b4 Qe8 13. Nf1 Nh5 14. Ra2 Nf4 15.
Bxf4 Rxf4 16. g3 Rf6 17. N3h2 h5 18. Nf3 Qf7 19. N1h2 Rf8 20. Kg2 g5 21. Rf1 Qg6
22. h4 g4 23. Ng5 Nd8 24. f3 Nf7 25. Nxf7 R8xf7 26. fxg4 Rxf1 27. Nxf1 hxg4 28.
Nh2 Rg7 29. Qe2 Bb6 30. a5 Ba7 31. Ra1 Kh7 32. Rf1 Kg8 33. Qd1 Qh5 34. Rf6 Kh7
35. Qf1 Kg8 36. Rf8+ Kh7 37. Qf6 Qg6 38. Qxg6+ Rxg6 39. Rf7+ Rg7 40. Rxg7+ Kxg7
41. Nxg4 c5 42. Kf3 cxb4 43. cxb4 Bd4 44. Ne3 Bc3 45. Nc2 Kg6 46. g4 d5 47. Kg3
Kh6 48. Kh3 Be1 49. Nxe1 Kg6 50. g5 Kh5 51. Nf3 1-0

[Event "Titled Tue 24th Jun Late"]
[Site "chess.com INT"]
[Date "2025.06.24"]
[Round "7"]
[White "Volodin, Alexandr E."]
[Black "Adewumi, Tanitoluwa"]
[Result "1/2-1/2"]
[WhiteTitle "FM"]
[BlackTitle "FM"]
[WhiteElo "2344"]
[BlackElo "2362"]
[WhiteFideId "34268871"]
[BlackFideId "30966396"]
[EventDate "2025.06.24"]

1. d4 Nf6 2. Nc3 c5 3. d5 g6 4. e4 d6 5. Nf3 Bg7 6. Bc4 O-O 7. h3 a6 8. a4 b6 9.
O-O Ra7 10. Re1 Rb7 11. Bf4 Bd7 12. Qd3 Nh5 13. Bh2 b5 14. axb5 axb5 15. Nxb5
Bxb5 16. Bxb5 Bxb2 17. Ra8 Qb6 18. c4 Nd7 19. Rxf8+ Kxf8 20. e5 Nxe5 21. Nxe5
Bxe5 22. Bxe5 dxe5 23. Rxe5 Qd6 24. Qe3 Kg7 25. g3 Nf6 26. Kg2 h5 27. Qc3 Ra7
28. Re1 Ra2 29. Qb3 Rd2 30. Qe3 Rb2 31. Qc3 Rb4 32. Bc6 e6 33. Qf3 Rxc4 34. dxe6
fxe6 35. Ra1 Qe7 36. Ra8 Rd4 37. Rb8 Rb4 38. Ra8 Rb6 39. Be4 c4 40. Qe3 Rb3 41.
Ra7 Rxe3 42. Rxe7+ Kf8 43. Rxe6 Rxe4 44. Rxf6+ Kg7 45. Rc6 Rd4 46. Kf3 Rd3+ 47.
Ke2 Rc3 48. Kd2 Rd3+ 49. Ke2 Rd4 50. Ke3 Rd3+ 51. Ke2 1/2-1/2

[Event "Titled Tue 24th Jun Late"]
[Site "chess.com INT"]
[Date "2025.06.24"]
[Round "7"]
[White "Chiu, Isaac"]
[Black "Tikhonov, Viacheslav"]
[Result "0-1"]
[BlackTitle "CM"]
[WhiteElo "2226"]
[BlackElo "2183"]
[WhiteFideId "30900654"]
[BlackFideId "44196407"]
[EventDate "2025.06.24"]

1. e4 c5 2. Nf3 Nc6 3. Bb5 Nd4 4. Nxd4 cxd4 5. c3 a6 6. Bc4 b5 7. Bb3 Bb7 8. d3
dxc3 9. bxc3 d5 10. e5 d4 11. O-O e6 12. Bb2 Bc5 13. Qg4 Nh6 14. Qf4 Nf5 15.
cxd4 Nxd4 16. Bd1 Qd5 17. Qg3 O-O 18. Nc3 Qd7 19. Ne4 Be7 20. Nf6+ Bxf6 21. exf6
Nf5 22. Qh3 Rfd8 23. Bg4 Qxd3 24. Bxf5 Qxf5 25. Qg3 Qg6 26. fxg7 Rd2 27. Bc3 Rd3
28. Qxg6 hxg6 29. Bf6 Rd5 30. Rac1 Rf5 31. Ba1 Rd8 32. Rc7 Be4 33. f3 Bd5 34.
Rd1 Re8 35. a3 Kh7 36. Kf2 Kg8 37. Kg3 Kh7 38. h4 Kg8 39. Rd4 Kh7 40. a4 bxa4
41. Rxa4 Kg8 42. Rxa6 Bc4 43. Rxc4 f6 44. Rc7 e5 0-1

[Event "Titled Tue 24th Jun Late"]
[Site "chess.com INT"]
[Date "2025.06.24"]
[Round "7"]
[White "Montano Vicente, Guadalupe"]
[Black "Fernandez, Maria Florencia"]
[Result "0-1"]
[BlackTitle "WIM"]
[WhiteElo "1938"]
[BlackElo "2163"]
[WhiteFideId "5181399"]
[BlackFideId "116459"]
[EventDate "2025.06.24"]

1. d4 Nf6 2. c4 g6 3. Nc3 Bg7 4. e4 O-O 5. Be3 d6 6. h3 e5 7. d5 c6 8. g4 cxd5
9. cxd5 Nbd7 10. f3 Nc5 11. b4 Na6 12. Qb3 Ne8 13. h4 f5 14. g5 Nb8 15. a4 a5
16. Nb5 axb4 17. Qxb4 Na6 18. Qb3 Bd7 19. Bd3 Kh8 20. Rc1 Rc8 21. Rxc8 Qxc8 22.
Ne2 Nc5 23. Qc4 Nxd3+ 24. Qxd3 Qa8 25. Nbc3 Qa5 26. Bd2 Qb4 27. h5 Kg8 28. hxg6
hxg6 29. f4 Bxa4 30. Qh3 fxe4 31. Qe6+ Rf7 32. f5 Bd7 33. Qxg6 Bxf5 34. Qh5 e3
35. g6 exd2+ 36. Kd1 Qb3+ 37. Kxd2 Qc2+ 38. Ke1 Rc7 39. Qh7+ Kf8 40. Rf1 Rxc3
41. Nxc3 Qxc3+ 42. Ke2 Qd3+ 43. Ke1 Qe3+ 44. Kd1 Qd3+ 45. Ke1 Nf6 46. Qh4 Qe3+
47. Kd1 Qd3+ 48. Ke1 Kg8 49. Qa4 Bxg6 50. Qa8+ Kh7 51. Rh1+ Bh5 52. Qa4 Qe2# 0-1

[Event "Titled Tue 24th Jun Late"]
[Site "chess.com INT"]
[Date "2025.06.24"]
[Round "7"]
[White "Atanasov, Anthony"]
[Black "Smieszek, Wojciech"]
[Result "1-0"]
[WhiteTitle "IM"]
[BlackTitle "CM"]
[WhiteElo "2417"]
[BlackElo "2141"]
[WhiteFideId "2623897"]
[BlackFideId "1156047"]
[EventDate "2025.06.24"]

1. d4 Nf6 2. Bf4 c5 3. e3 g6 4. Nf3 Bg7 5. Be2 O-O 6. O-O d6 7. dxc5 dxc5 8.
Nbd2 Nc6 9. c3 b6 10. e4 Bb7 11. h3 Re8 12. Qc2 e5 13. Be3 Nh5 14. Rfd1 Nf4 15.
Bf1 Qf6 16. a4 Rac8 17. Kh2 Nd4 18. cxd4 cxd4 19. Qb3 dxe3 20. fxe3 Ne6 21. Bc4
Nc5 22. Qa2 Nxe4 23. Nxe4 Bxe4 24. Bxf7+ Kh8 25. Bxe8 Bxf3 26. Bb5 e4 27. Rac1
Qe5+ 28. Kh1 Rf8 29. gxf3 exf3 30. Qd5 Qg3 31. Bf1 Be5 32. Rc2 Kg7 33. Qd7+ Rf7
34. Qg4 Rc7 35. Rxc7+ Bxc7 36. Qxg3 Bxg3 37. Rd7+ Kf6 38. Rxh7 Ke5 39. Rf7 Ke4
40. Bb5 Kxe3 41. Bc6 f2 42. Kg2 Bh4 43. Bb5 Kd4 44. Bf1 Kc5 45. Rxa7 Kb4 46. Rg7
g5 47. Rb7 Kxa4 48. Rxb6 Ka5 49. Rb5+ Ka4 50. b3+ Ka3 51. Bc4 g4 52. hxg4 1-0

[Event "Titled Tue 24th Jun Late"]
[Site "chess.com INT"]
[Date "2025.06.24"]
[Round "7"]
[White "Kalinin, Nikita An."]
[Black "Chigaev, Maksim"]
[Result "0-1"]
[WhiteTitle "FM"]
[BlackTitle "GM"]
[WhiteElo "2336"]
[BlackElo "2635"]
[WhiteFideId "34233512"]
[BlackFideId "4108116"]
[EventDate "2025.06.24"]

1. e4 c6 2. d4 d5 3. Nd2 dxe4 4. Nxe4 Nf6 5. Nxf6+ exf6 6. c3 Bd6 7. Bd3 O-O 8.
Qc2 Re8+ 9. Ne2 h5 10. Be3 Nd7 11. O-O-O b5 12. d5 c5 13. Bxb5 Rb8 14. c4 Rxe3
15. fxe3 Ne5 16. b3 g6 17. Rhf1 Ng4 18. Qd2 Nxh2 19. Rf2 Ng4 20. Rff1 Qe7 21.
Rf3 Bf5 22. Nc3 Be4 23. Rf4 f5 24. g3 Qe5 25. Rdf1 Bg2 26. Re1 Nf6 27. Nb1 Be4
28. Qc3 Qe7 29. Nd2 Be5 30. Qa5 Kg7 31. Bc6 Bd6 32. Qc3 Be5 33. Qa5 Rc8 34. Rd1
Rc7 35. d6 Bxd6 36. Bxe4 Bxf4 37. exf4 Nxe4 38. Nf3 Rd7 39. Qe1 Rxd1+ 40. Qxd1
Nxg3 41. Qd2 Ne4 42. Qb2+ f6 43. Qa3 Qc7 44. Qa6 Qxf4+ 45. Kb1 Qxf3 46. Qxa7+
Kh6 47. Qb8 Qd3+ 48. Kb2 Qc3+ 49. Ka3 Qb4+ 50. Kb2 Qxb8 0-1

[Event "Titled Tue 24th Jun Late"]
[Site "chess.com INT"]
[Date "2025.06.24"]
[Round "7"]
[White "Gelman, Alexander"]
[Black "Spyropoulos, Nikolaos"]
[Result "1-0"]
[WhiteTitle "IM"]
[BlackTitle "IM"]
[WhiteElo "2403"]
[BlackElo "2400"]
[WhiteFideId "4118316"]
[BlackFideId "4298977"]
[EventDate "2025.06.24"]

1. d4 Nf6 2. Nc3 d5 3. Bf4 c5 4. e3 cxd4 5. exd4 a6 6. Nf3 Bg4 7. h3 Bxf3 8.
Qxf3 Nc6 9. O-O-O e6 10. Kb1 Bd6 11. Bc1 Rc8 12. g4 Bb4 13. g5 Nd7 14. h4 Ne7
15. Ne2 Bd6 16. h5 Qc7 17. c3 b5 18. Bd2 Nb6 19. Nf4 Nc4 20. Bxc4 Qxc4 21. g6
Bxf4 22. gxf7+ Kxf7 23. Bxf4 Nf5 24. Rhg1 b4 25. Be5 Rhg8 26. cxb4 Qxb4 27. Rc1
Rxc1+ 28. Rxc1 Re8 29. h6 g6 30. a3 Qb6 31. Rc7+ Re7 32. Rc5 Rb7 33. Qc3 g5 34.
b4 a5 35. b5 a4 36. Qb4 Ra7 37. Rc6 Qd8 38. b6 Rb7 39. Rc7+ Rxc7 40. bxc7 Qd7
41. Qb8 Ne7 42. Qb4 Nc8 43. Ka2 Qc6 44. Qc5 Qb7 45. Qc2 Ke8 46. Qxa4+ Ke7 47.
Qc2 Kd7 48. Qxh7+ Kc6 49. Qc2+ Kd7 50. h7 1-0

[Event "Titled Tue 24th Jun Late"]
[Site "chess.com INT"]
[Date "2025.06.24"]
[Round "7"]
[White "Ratkovic, Miloje"]
[Black "Bogaudinov, Rushan"]
[Result "1-0"]
[WhiteTitle "GM"]
[BlackTitle "FM"]
[WhiteElo "2489"]
[BlackElo "1912"]
[WhiteFideId "914517"]
[BlackFideId "4129288"]
[EventDate "2025.06.24"]

1. d4 d5 2. c3 Nf6 3. Nf3 g6 4. Bf4 Bg7 5. e3 O-O 6. Nbd2 c5 7. dxc5 Nc6 8. Bb5
Nh5 9. Bg5 h6 10. Bh4 g5 11. Bg3 Nxg3 12. hxg3 e5 13. e4 d4 14. O-O Qe7 15. Nb3
Rd8 16. Qe2 dxc3 17. bxc3 Be6 18. Bc4 a5 19. a4 Bxc4 20. Qxc4 Qe6 21. Qxe6 fxe6
22. Rfd1 Bf8 23. g4 Kf7 24. Nh2 Be7 25. Nf1 Rxd1 26. Rxd1 Rd8 27. Rxd8 Bxd8 28.
Ne3 Bc7 29. Nc4 Ke7 30. f3 Kd7 31. Kf1 Ke7 32. Ke2 Kd7 33. Kd3 Ke7 34. Ncd2 Kd7
35. Kc4 Ke7 36. Nb1 Kd7 37. Na3 Bd8 38. Nb5 Be7 39. Nc1 Nd8 40. Nd3 Nc6 41. Kb3
Bf8 42. Na3 Be7 43. Nc4 Bf6 44. Kc2 Kc7 45. Kb2 Kd7 46. Kb3 Kc7 47. Kb2 Kd7 48.
Kc2 Kc7 49. Kd2 Kd7 50. Nc1 Kc7 51. Nb3 Be7 52. Ncxa5 Nxa5 53. Nxa5 Bxc5 54. Nc4
Bf8 55. Nxe5 Kb6 56. Kc2 Ka5 57. Kb3 Bg7 58. Nc4+ Ka6 59. Na3 Kb6 60. Kc4 Ka5
61. Kb3 Kb6 62. Nb5 Kc5 63. Kc2 Kc4 64. Nd6+ Kc5 65. Nxb7+ Kb6 66. Nd6 Ka5 67.
Kb3 Bf8 68. Nb5 Ka6 69. Nd4 e5 70. Nc6 Bd6 71. Kc4 Kb6 72. Kd5 Bc7 73. c4 Ka6
74. Nxe5 Ka5 75. Nf7 Kxa4 76. e5 Kb3 77. e6 Kc3 78. e7 1-0

[Event "Titled Tue 24th Jun Late"]
[Site "chess.com INT"]
[Date "2025.06.24"]
[Round "7"]
[White "Da Silva, Lucas Pereira Mendes"]
[Black "Fuhrmann, Bahne"]
[Result "1-0"]
[BlackTitle "FM"]
[WhiteElo "2122"]
[BlackElo "2256"]
[WhiteFideId "22718613"]
[BlackFideId "16244842"]
[EventDate "2025.06.24"]

1. d4 Nf6 2. c4 c6 3. Nc3 d5 4. e3 g6 5. Nf3 Bg7 6. Be2 O-O 7. O-O Bf5 8. cxd5
cxd5 9. Qb3 Nc6 10. Qxb7 Na5 11. Qa6 Rb8 12. Ne5 Qc7 13. Nb5 Qb6 14. Qxb6 Rxb6
15. Bd2 Nc4 16. Bxc4 dxc4 17. a4 a6 18. Nxc4 Rb7 19. Nba3 Ne4 20. Rfd1 Nxd2 21.
Rxd2 Rc8 22. Rc1 Rbc7 23. f3 Bd7 24. b3 Rb8 25. Rd3 Bf8 26. Rdc3 e6 27. Nc2 Rcb7
28. Nd2 e5 29. dxe5 Be6 30. Nd4 Bb4 31. Rd3 Bxd2 32. Rxd2 Bxb3 33. Nxb3 Rxb3 34.
Kf2 Ra3 35. Rc4 Rbb3 36. Re4 a5 37. Rd5 Rb2+ 38. Kg3 Raa2 39. Rxa5 Rxg2+ 40. Kf4
Rxh2 41. Ra8+ Kg7 42. Rd4 Rh4+ 43. Kg3 Rhh2 44. e6 Rag2+ 45. Kf4 f6 46. Ra7+ Kh6
47. Ke4 Rg5 48. Rd5 Rh4+ 49. f4 f5+ 50. Kd4 Rg3 51. e7 1-0

[Event "Titled Tue 24th Jun Late"]
[Site "chess.com INT"]
[Date "2025.06.24"]
[Round "7"]
[White "Vlassov, Nikolai"]
[Black "Zhigalko, Sergei"]
[Result "0-1"]
[WhiteTitle "IM"]
[BlackTitle "GM"]
[WhiteElo "2291"]
[BlackElo "2572"]
[WhiteFideId "4103360"]
[BlackFideId "13502956"]
[EventDate "2025.06.24"]

1. e4 c5 2. c3 d5 3. exd5 Qxd5 4. d4 Nf6 5. Nf3 e6 6. a3 b6 7. Be3 Bb7 8. Bb5+
Nbd7 9. O-O cxd4 10. c4 Qh5 11. Nxd4 Qg6 12. Bc6 Bxc6 13. Nxc6 Rc8 14. Nxa7 Rxc4
15. Nc3 Bc5 16. Bxc5 Rxc5 17. Qd6 Qg5 18. Rad1 Qe5 19. Nab5 Qxd6 20. Nxd6+ Ke7
21. Nde4 Nxe4 22. Nxe4 Rc2 23. b4 Ra8 24. Rd3 Ne5 25. Rg3 g6 26. h4 Nc4 27. Rd1
Rxa3 28. Rxa3 Nxa3 29. Ra1 Nb5 30. Ra6 Rc6 31. Ra8 f5 32. Ng5 h6 33. Nf3 Rc1+
34. Kh2 Rc4 35. Ne5 Rxh4+ 36. Kg3 Re4 37. Nxg6+ Kf6 38. Nf4 Rxb4 39. Rh8 Nd4 40.
Rxh6+ Ke7 41. Rh7+ Kd6 42. Kh2 Rb2 43. Nd3 Rd2 44. Nf4 Rxf2 45. Kg3 Rd2 0-1

[Event "Titled Tue 24th Jun Late"]
[Site "chess.com INT"]
[Date "2025.06.24"]
[Round "7"]
[White "Tang, Zoey"]
[Black "Milare, Tyron"]
[Result "0-1"]
[WhiteTitle "FM"]
[BlackTitle "FM"]
[WhiteElo "2356"]
[BlackElo "2248"]
[WhiteFideId "30952530"]
[BlackFideId "12987018"]
[EventDate "2025.06.24"]

1. e4 c5 2. Nf3 d6 3. d4 g6 4. Nc3 Nd7 5. Be3 Bg7 6. Qd2 Ngf6 7. h3 cxd4 8. Nxd4
h5 9. Bc4 a6 10. a4 Nc5 11. f3 h4 12. b4 Ncd7 13. Nd5 Nxd5 14. Bxd5 e6 15. Bxe6
fxe6 16. Nxe6 Qe7 17. Nxg7+ Qxg7 18. Bd4 Ne5 19. f4 Be6 20. fxe5 dxe5 21. Bb6
Qd7 22. Qxd7+ Bxd7 23. O-O Bc6 24. Bc7 Kd7 25. Bxe5 Rhe8 26. Bh2 Bxe4 27. Rf7+
Ke6 28. Raf1 Bf5 29. Rxb7 Rac8 30. Rb6+ Kf7 31. Rb7+ Kf6 32. c3 Re2 33. Rb6+ Kg5
34. Rxa6 Kh5 35. Bf4 Rxc3 36. Rf2 Re1+ 37. Rf1 Rxf1+ 38. Kxf1 Bd3+ 39. Kf2 Bxa6
40. Bd2 Rc2 41. Ke3 Ra2 42. b5 Bb7 43. a5 Bxg2 44. a6 Bxh3 45. Kd4 Rxd2+ 46. Kc5
Rb2 47. a7 Bg2 48. Kb6 Rxb5+ 49. Kxb5 h3 50. Kb6 h2 51. Kc7 h1=Q 52. a8=Q Bxa8
53. Kd8 0-1

[Event "Titled Tue 24th Jun Late"]
[Site "chess.com INT"]
[Date "2025.06.24"]
[Round "7"]
[White "Palczert, Matyas"]
[Black "Zeliantsova, Kseniya"]
[Result "1-0"]
[WhiteTitle "FM"]
[BlackTitle "WFM"]
[WhiteElo "2396"]
[BlackElo "2062"]
[WhiteFideId "784958"]
[BlackFideId "13512617"]
[EventDate "2025.06.24"]

1. b3 e5 2. Bb2 d6 3. c4 Nf6 4. Nc3 g6 5. g3 Bg7 6. Bg2 O-O 7. e3 c6 8. Nge2
Nbd7 9. O-O Re8 10. d4 Qc7 11. Ba3 exd4 12. Nxd4 Nc5 13. Rc1 Bg4 14. Qc2 Rad8
15. h3 Bc8 16. Rcd1 Ne6 17. Nxe6 Bxe6 18. Bb2 Qc8 19. g4 h5 20. g5 Nh7 21. h4
Bh3 22. Qe2 Bxg2 23. Kxg2 f6 24. f4 fxg5 25. fxg5 Bxc3 26. Bxc3 Re4 27. Rf4 Qe6
28. Rxe4 Qxe4+ 29. Kg3 Re8 30. Re1 Nf8 31. Qf2 Nd7 32. Qf4 Qc2 33. Rf1 Rf8 34.
Qd4 Ne5 35. Rxf8+ Kxf8 36. Qxd6+ Kf7 37. Qxe5 Qc1 38. Qf6+ Ke8 39. Qxg6+ Kd7 40.
Qf5+ Kc7 41. Qf4+ Kb6 42. Bd4+ Ka6 43. Qf2 Qd1 44. Kh2 Qg4 45. c5 b6 46. cxb6
axb6 47. a4 c5 48. Be5 Qe4 49. Bf4 Qd5 50. Qg2 Qxb3 51. g6 1-0